|
|
|
|
| LEADER |
00000nam0a2200000 4500 |
| 001 |
682631 |
| 005 |
20251027144501.0 |
| 090 |
|
|
|a 682631
|
| 100 |
|
|
|a 20251027d1977 km|y0rusy50 ca
|
| 101 |
0 |
|
|a rus
|
| 102 |
|
|
|a RU
|
| 105 |
|
|
|a y z 000yy
|
| 181 |
|
0 |
|a i
|b e
|
| 182 |
|
0 |
|a n
|
| 183 |
|
0 |
|a nc
|2 RDAcarrier
|
| 200 |
1 |
|
|a Художественные процессы в русском и польском искусстве XIX - начале XX века
|e сборник статей
|f ред. коллегия: Е. А. Борисова, А. Б. Стерлигов, Г. Ю. Стернин
|
| 203 |
|
|
|a Текст
|b визуальный
|c непосредственный
|
| 210 |
|
|
|a Москва
|c Наука
|d 1977
|
| 215 |
|
|
|a 271 с.
|
| 283 |
|
|
|a volume
|2 RDAcarrier
|
| 606 |
|
|
|a Искусство
|9 39838
|
| 610 |
1 |
|
|a польское искусство
|
| 610 |
1 |
|
|a русское искусство
|
| 610 |
1 |
|
|a 19 век
|
| 610 |
1 |
|
|a начало 20 века
|
| 610 |
1 |
|
|a развитие
|
| 610 |
1 |
|
|a архитектура
|
| 610 |
1 |
|
|a изобразительное искусство
|
| 610 |
1 |
|
|a прикладное искусство
|
| 610 |
1 |
|
|a театр
|
| 610 |
1 |
|
|a музыка
|
| 610 |
1 |
|
|a кино
|
| 610 |
1 |
|
|a Россия
|
| 610 |
1 |
|
|a Польша
|
| 675 |
|
|
|a 7
|v 4
|
| 702 |
|
1 |
|4 340
|a Борисова
|b Е. А.
|
| 702 |
|
1 |
|4 340
|a Стерлигов
|b А. В.
|
| 702 |
|
1 |
|4 340
|a Стернин
|b Г. Ю.
|
| 801 |
|
0 |
|a RU
|b 63413507
|c 20251027
|
| 830 |
|
|
|a Ретро2025Каталогизация Шило
|
| 850 |
|
|
|a 63413507
|
| 942 |
|
|
|c BK
|